| 000 | 00432 a2200157 4500 | ||
|---|---|---|---|
| 001 | 167102 | ||
| 020 | _a | ||
| 040 | _cMagnum | ||
| 100 | _aOliveira, Dalila Andrade (Org.) | ||
| 240 | 1 | 0 |
_aPolitica e trabalho na escola: administracao dos sistemas publicos... _lpor |
| 245 | 1 | 0 | _aPolitica e trabalho na escola: administracao dos sistemas publicos... |
| 362 | 0 | _a1899 | |
| 440 | 1 | _aAutĂȘntica | |
| 697 | _aENSINO | ||
| 942 | _cBK | ||
| 999 |
_c167102 _d167102 |
||